000 00395nam a2200145Ia 4500
005 20251222140107.0
008 251222s1900||||xx |||||||||||||| ||spa||
020 _a84860667162
082 _a252.02/A75
100 _aArnau-García, Ramón
245 0 _aSan Vicente Ferrer y la Eclesiologías del Cisma
250 _a1ra. ed.
264 _bFacultad de Teología San Vicente Ferrer
942 _cLIB
999 _c4166
_d4166